| 000 | 00955cam a22003251 4500 | ||
|---|---|---|---|
| 001 | data | ||
| 005 | 20260322212119.0 | ||
| 008 | data | ||
| 035 | _a10223500 | ||
| 906 |
_a7 _bcbc _coclcrpl _du _encip _f19 _gy-gencatlg |
||
| 010 | _a 47038622 | ||
| 035 | _9(DLC) 47038622 | ||
| 035 | _a(OCoLC)20407809 | ||
| 040 |
_aDLC _cCU _dDLC _dDLC |
||
| 042 | _apremarc | ||
| 050 | 0 | 0 |
_aPN516 _b.F7 |
| 100 | 1 |
_aFriis Møller, Kai, _d1888-1960. |
|
| 245 | 1 | 0 |
_aSkribenter og bøger, _caf Kai Friis Møller. |
| 260 |
_aKøbenhavn, _bGyldendal, _c1942. |
||
| 300 |
_a359 p. front. (port.) _c25 cm. |
||
| 336 |
_atext _btxt _2rdacontent |
||
| 337 |
_aunmediated _bn _2rdamedia |
||
| 338 |
_avolume _bnc _2rdacarrier |
||
| 650 | 0 | _aLiterature. | |
| 650 | 0 | _aDanish literature. | |
| 650 | 0 | _aAmerican literature. | |
| 985 | _eOCLC REPLACEMENT cdsdistr | ||
| 991 |
_bc-GenColl _hPN516 _i.F7 _tCopy 1 _wOCLCREP |
||
| 999 |
_c1812 _d1812 |
||